| 000 | 00759nam a2200253 a 4500 | ||
|---|---|---|---|
| 001 | 60110 | ||
| 003 | BD-RjUL | ||
| 005 | 20211209080814.0 | ||
| 008 | 161228s2005 ii ab b 001 0 eng d | ||
| 020 | _a817648797X | ||
| 035 | _a(BD-RjUL)60234 | ||
| 040 |
_aINU _cINU _dOSU _dBD-RjUL _beng |
||
| 041 | _aeng | ||
| 082 | 0 | 4 |
_a363.7 _223 _bDUE 2005 |
| 100 | 1 |
_aDutta, Abhijit _9178913 |
|
| 245 | 1 | 0 |
_aEnvironmental issues and challenges / _cAbhijit Dutta, Sunita Dutta and P. N. Pandey |
| 260 |
_aNew Delhi : _bA.P.H.Publishing Corrporation, _c2005 |
||
| 300 |
_avi, 351 p. ; _c23 cm. |
||
| 500 | _aIncludes index. | ||
| 650 |
_aEnvironmental Protection _9178914 |
||
| 700 |
_aDutta, Sunita _9178915 |
||
| 700 |
_aPandey, P. N. _9178916 |
||
| 942 |
_2ddc _cBK |
||
| 999 |
_c60110 _d60110 |
||